000 00335 a2200157 4500
001 57823
020 _a
040 _cAnchieta - Pituba
100 _aGreen, Henry Graham
240 1 0 _aNosso homem em havana
_lpor
245 1 0 _aNosso homem em havana
300 _a283
362 0 _a1972
650 4 _aFicção inglesa
942 _cBK
999 _c57823
_d57823